Numerical Modelling of Wind Turbine Blade to Evaluate Damage due to Impact Loads / (Record no. 603208)

000 -LEADER
fixed length control field 00518nam a2200169Ia 4500
008 - FIXED-LENGTH DATA ELEMENTS--GENERAL INFORMATION
fixed length control field 230925s9999||||xx |||||||||||||| ||und||
082 ## - DEWEY DECIMAL CLASSIFICATION NUMBER
Classification number 621.45 SAT
100 ## - MAIN ENTRY--PERSONAL NAME
Personal name Satti, Muhammad Haris (275842)
9 (RLIN) 118226
245 #0 - TITLE STATEMENT
Title Numerical Modelling of Wind Turbine Blade to Evaluate Damage due to Impact Loads /
260 ## - PUBLICATION, DISTRIBUTION, ETC.
Name of publisher, distributor, etc. USPCAS-E, NUST,Islamabad :
Date of publication, distribution, etc. 2022
300 ## - PHYSICAL DESCRIPTION
Extent xi, 52 p.
520 ## - SUMMARY, ETC.
Summary, etc. TH-461
650 ## - SUBJECT ADDED ENTRY--TOPICAL TERM
Form subdivision MS Thesis
9 (RLIN) 18721
650 ## - SUBJECT ADDED ENTRY--TOPICAL TERM
Form subdivision MS ESE Thesis
700 ## - ADDED ENTRY--PERSONAL NAME
Personal name Dr. Sehar Shakir
9 (RLIN) 117750
942 ## - ADDED ENTRY ELEMENTS (KOHA)
Koha item type Thesis
Source of classification or shelving scheme
Holdings
Withdrawn status Lost status Source of classification or shelving scheme Damaged status Not for loan Permanent Location Current Location Date acquired Full call number Barcode Date last seen Price effective from Koha item type
          US-Pakistan Center for Advanced Studies in Energy (USPCAS-E) US-Pakistan Center for Advanced Studies in Energy (USPCAS-E) 08/18/2023 621.45 SAT CAS-ETH0000461 09/25/2023 09/25/2023 Thesis
© 2023 Central Library, National University of Sciences and Technology. All Rights Reserved.